000 00630pab a2200157 454500
008 180718b2003 xxu||||| |||| 00| 0 eng d
100 _aBalakrishnan, Pulapre
245 _aGlobalisation, growth and justice
260 _c2003
300 _ap.3166-172.
362 _a26 Jul
520 _aThis essay critically evaluates the exhortation to developing economies that they embrace globalisation, considers the consequences of globalisation for equality and discusses the issue of justice in the current global economic order. - Reproduced.
650 _aGlobalization
773 _aEconomic and Political Weekly
909 _a57505
999 _c57505
_d57505